Individuálny prístup k osobnosti dieťaťa pri motivácii k učeniu prostredníctvom tvorivého procesu

Bibliographic Details
Main Author: Škarupová, Zuzana (Author)
Format: Article
Language:Slovak
Subjects:

MARC

LEADER 00000nab a2200000 a 4500
001 vtls010354647
003 SK-MaSNL
005 20260304162834.0
008 250507c2012 xo mr|p|||an |000 b|slo
015 |a SNBRB2012/04 
035 |a (uuid)a1b654a1-2aa6-4647-9d23-aaabf5fdc7e3 
035 |a urn:nbn:sk:snk-abd63w 
035 |a (urnnbn)urn:nbn:sk:snk:ar-007szm 
038 |a SPK 
040 |a SNKBUCL  |b slo  |c SNKBUCL  |e AACR2 
041 0 |a slo  |b slo 
044 |a xo  |c SK 
072 7 |a 37  |x Výchova a vzdelávanie  |2 konspekt 
072 7 |a 159.95  |x Vyššie duševné procesy  |2 konspekt 
072 7 |a 316  |x Sociológia  |2 konspekt 
080 |a 37.013.41  |2 2001 
080 |a 159.953.5  |2 2001 
080 |a 316.628  |2 2001 
080 |a 159.954  |2 2001 
100 1 |a Škarupová, Zuzana  |4 aut  |9 1481045 
245 1 0 |a Individuálny prístup k osobnosti dieťaťa pri motivácii k učeniu prostredníctvom tvorivého procesu  |c Zuzana Škarupová 
504 |a Bibliogr. odkazy 
546 |a Res. slov. 
650 0 7 |a individuálny prístup  |2 snkbucl  |9 71332 
650 0 7 |a učenie  |2 snkbucl  |9 3884 
650 0 7 |a motivácia  |2 snkbucl  |9 1779 
650 0 7 |a kreativita  |2 snkbucl  |9 4339 
773 0 |t Vychovávateľ  |g Roč. LX, č. 7-8(2012), s. 21-24  |x 0139-6919 
850 |a Slovenská národná knižnica 
852 |a Slovenská národná knižnica 
954 |a odborná, vedecká literatúra pôvodná (slovenská)  |2 lita 
958 |a article17 
958 |a NB  |2 spk 
958 |a OND 
958 |a EUIPO 
999 |c 2975673  |d 2977603